[Event "NATO-ch 34th"]
[Site "Rhodes"]
[Date "2024.10.24"]
[Round "5"]
[White "Papasimakopoulos, Alexandros"]
[Black "Jeselson, Andrew"]
[Result "1-0"]
[WhiteElo "2372"]
[BlackElo "1858"]
[PlyCount "77"]
[EventDate "2024.10.21"]
[EventType "swiss"]
[EventRounds "7"]
[EventCountry "GRE"]
[SourceTitle "CB44_2024"]
[Source "Chessbase"]
[SourceDate "2024.10.30"]
[SourceVersion "1"]
[SourceVersionDate "2024.10.30"]
[SourceQuality "1"]

1. Nf3 f5 2. c4 Nf6 3. Nc3 g6 4. b4 Bg7 5. Bb2 0-0 6. Qb3 d6 7. d4 e6 8. e3 Qe7 9. a4 Nc6 10. a5 Nd8 11. c5 Nf7 12. cxd6 cxd6 13. b5 Ne4 14. Nxe4 fxe4 15. Nd2 d5 16. Be2 Qg5 17. 0-0 e5 18. Qxd5 Bh3 19. Qxe4 exd4 20. f4 Qc5 21. Bxd4 Bxd4 22. Qxd4 Qxd4 23. exd4 Be6 24. Bf3 Rad8 25. Rfe1 Bd5 26. Re7 Bxf3 27. Nxf3 Nd6 28. a6 bxa6 29. bxa6 Rf7 30. Rxf7 Kxf7 31. Rc1 Ne8 32. Rb1 Nd6 33. d5 Kf6 34. Re1 Nf7 35. Re6+ Kf5 36. Nd4+ Kg4 37. h3+ Kh5 38. Re7 Nh6 39. Re5+ 1-0